MARC details
| 000 -LEADER |
| campo de control de longitud fija |
03875cgm a2200817Ia 4500 |
| 001 - NÚMERO DE CONTROL |
| campo de control |
82765 |
| 005 - FECHA Y HORA DE LA ÚLTIMA TRANSACCIÓN |
| campo de control |
20230410123857.0 |
| 007 - CAMPO FIJO DE DESCRIPCIÓN FÍSICA--INFORMACIÓN GENERAL |
| campo de control de longitud fija |
vd bvaizm |
| 008 - DATOS DE LONGITUD FIJA--INFORMACIÓN GENERAL |
| campo de control de longitud fija |
070307p20071954ja 124 g vljpn d |
| 035 ## - NÚMERO DE CONTROL DEL SISTEMA |
| Número de control de sistema |
(OCoLC)ocm85790839 |
| 040 ## - FUENTE DE CATALOGACIÓN |
| Centro catalogador/agencia de origen |
TEFMT |
| Centro/agencia transcriptor |
TEFMT |
| Centro/agencia modificador |
TEF |
| -- |
IBI |
| -- |
JED |
| -- |
IBI |
| -- |
OCLCQ |
| -- |
VP@ |
| -- |
TXI |
| 020 ## - NÚMERO INTERNACIONAL ESTÁNDAR DEL LIBRO |
| Número Internacional Estándar del Libro |
1934121479 |
| 020 ## - NÚMERO INTERNACIONAL ESTÁNDAR DEL LIBRO |
| Número Internacional Estándar del Libro |
9781934121474 |
| 024 10 - IDENTIFICADOR DE OTROS ESTÁNDARES |
| Número estándar o código |
715515023627 |
| 028 42 - NÚMERO DE EDITOR O DISTRIBUIDOR |
| Número de editor o de distribuidor |
CC1692D |
| Fuente |
Criterion Collection |
| 029 1# - OTRO NÚMERO DE CONTROL DE SISTEMA (OCLC) |
| Identificador de la biblioteca OCLC |
AU@ |
| Número de control de sistema |
000041726577 |
| 035 ## - NÚMERO DE CONTROL DEL SISTEMA |
| Número de control de sistema |
(OCoLC)85790839 |
| 037 ## - FUENTE DE ADQUISICIÓN |
| Fuente del número de adquisición |
Midwest Tape |
| Nota |
http://www.midwesttapes.com |
| 041 1# - CÓDIGO DE IDIOMA |
| Código de lengua del texto/banda sonora o título independiente |
jpn |
| Código de lengua del sumario o resumen |
eng |
| Código de lengua original |
jpn |
| 043 ## - CÓDIGO DE ÁREA GEOGRÁFICA |
| Código de área geográfica |
a-ja--- |
| 050 14 - SIGNATURA TOPOGRÁFICA DE LA BIBLIOTECA DEL CONGRESO |
| Número de clasificación |
CM DVD 01206 |
| 082 04 - NÚMERO DE LA CLASIFICACIÓN DECIMAL DEWEY |
| Número de clasificación |
791.43/72 |
| Número de edición |
22 |
| 049 ## - FONDOS LOCALES (OCLC) |
| Biblioteca depositaria |
GRAL |
| 245 00 - MENCIÓN DEL TÍTULO |
| Título |
Sansho the bailiff |
| Medio |
[videorecording] / |
| Mención de responsabilidad, etc. |
[Daiei Studios ; a Kenji Mizoguchi film ; produced by Masaichi Nagata ; written by Fuji Yahiro, Yoshikata Yoda ; directed by Kenji Mizoguchi]. |
| 246 3# - FORMA VARIANTE DEL TITULO |
| Título propio/Titulo breve |
Sanshão dayãu |
| 260 ## - PUBLICACIÓN, DISTRIBUCIÓN, ETC. |
| Lugar de publicación, distribución, etc. |
[Irvington, N.Y.] : |
| Nombre del editor, distribuidor, etc. |
Criterion Collection : |
| -- |
Janus Films ; |
| Lugar de publicación, distribución, etc. |
S.l. : |
| Nombre del editor, distribuidor, etc. |
Kadokawa Pictures, |
| Fecha de publicación, distribución, etc. |
c2007. |
| 300 ## - DESCRIPCIÓN FÍSICA |
| Extensión |
1 videodisc (124 min.) : |
| Otras características físicas |
sd., b&w ; |
| Dimensiones |
4 3/4 in. + |
| Material acompañante/anejo |
1 booklet (77 p. : ill. ; 19 cm.) |
| 490 1# - MENCIÓN DE SERIE |
| Mención de serie |
The Criterion collection ; |
| Designación de volumen o secuencia |
386 |
| 538 ## - NOTA DE DETALLES DEL SISTEMA |
| Nota de detalles del sistema |
DVD; region 1, NTSC; full screen (1.33:1) presentation; Dolby Digital 1.0 mono.. |
| 546 ## - NOTA DE IDIOMA |
| Nota de lengua/lenguaje |
Japanese dialogue with optional English subtitles. |
| 500 ## - NOTA GENERAL |
| Nota general |
Title from container. |
| 511 1# - NOTA DE PARTICIPANTES O INTÉRPRETES |
| Nota de participantes o intérpretes |
Kinuyo Tanaka, Yoshiaki Hanayagi, Kyãoko Kagawa, Eitarão Shindão. |
| 508 ## - NOTA DE CRÉDITOS DE CREACIÓN O PRODUCCIÓN |
| Nota de créditos de creación o producción |
Cinematographer, Kazuo Miyagawa ; editor, Mitsuzão Miyata ; music, Fumio Hayasaka, Tamekichi Mochizuki, Kanahiachi Odera ; production designers, Kisaku Ito, Shozaburo Nakajima. |
| 500 ## - NOTA GENERAL |
| Nota general |
Originally produced as a motion picture in 1954. |
| 521 8# - NOTA DE PÚBLICO DESTINATARIO |
| Nota de público destinatario |
Not rated. |
| 520 ## - RESUMEN, ETC. |
| Sumario, etc. |
When an idealistic governor disobeys the reigning feudal lord, he is cast into exile, his wife and children left to fend for themselves and eventually wrenched apart by vicious slave drivers. Accompanying booklet features an essay by scholar Mark Le Fanu; the story on which the film was based, Mori Ogai's "Sansho dayu," from 1915, in an acclaimed translation by J. Thomas Rimer; a written form of an oral variation of the same tale, dating back to the fifteenth century, in a rare English translation. |
| 500 ## - NOTA GENERAL |
| Nota general |
Special features: Commentary by Japanese literature professor Jeffrey Angles; Video interview with actress Kyoko Kagawa recalling the making of Sansho the Bailiff; Video interview with assistant director Tokuzo Tanaka; Video interview with film critic and historian Tadao Sato. |
| 650 #0 - PUNTO DE ACCESO ADICIONAL DE MATERIA--TÉRMINO DE MATERIA |
| Término de materia o nombre geográfico como elemento de entrada |
Governors |
| Subdivisión de forma |
Drama. |
| 650 #0 - PUNTO DE ACCESO ADICIONAL DE MATERIA--TÉRMINO DE MATERIA |
| Término de materia o nombre geográfico como elemento de entrada |
Governors' spouses |
| Subdivisión geográfica |
Japan |
| Subdivisión de forma |
Drama. |
| 650 #0 - PUNTO DE ACCESO ADICIONAL DE MATERIA--TÉRMINO DE MATERIA |
| Término de materia o nombre geográfico como elemento de entrada |
Exile (Punishment) |
| Subdivisión geográfica |
Japan |
| Subdivisión de forma |
Drama. |
| 650 #0 - PUNTO DE ACCESO ADICIONAL DE MATERIA--TÉRMINO DE MATERIA |
| Término de materia o nombre geográfico como elemento de entrada |
Slave traders |
| Subdivisión geográfica |
Japan |
| Subdivisión de forma |
Drama. |
| 651 #0 - PUNTO DE ACCESO ADICIONAL DE MATERIA--NOMBRE GEOGRÁFICO |
| Nombre geográfico |
Japan |
| Subdivisión de forma |
Drama. |
| 655 #0 - TERMINO DE INDIZACIÓN--GENERO/FORMA |
| Datos o término principal de género/forma |
Feature films. |
| 655 #0 - TERMINO DE INDIZACIÓN--GENERO/FORMA |
| Datos o término principal de género/forma |
Video recordings for the hearing impaired. |
| 650 #8 - PUNTO DE ACCESO ADICIONAL DE MATERIA--TÉRMINO DE MATERIA |
| Término de materia o nombre geográfico como elemento de entrada |
Governors |
| Subdivisión de forma |
Drama. |
| 650 #8 - PUNTO DE ACCESO ADICIONAL DE MATERIA--TÉRMINO DE MATERIA |
| Término de materia o nombre geográfico como elemento de entrada |
Governors' spouses |
| Subdivisión geográfica |
Japan |
| Subdivisión de forma |
Drama. |
| 650 #8 - PUNTO DE ACCESO ADICIONAL DE MATERIA--TÉRMINO DE MATERIA |
| Término de materia o nombre geográfico como elemento de entrada |
Exile (Punishment) |
| Subdivisión geográfica |
Japan |
| Subdivisión de forma |
Drama. |
| 650 #8 - PUNTO DE ACCESO ADICIONAL DE MATERIA--TÉRMINO DE MATERIA |
| Término de materia o nombre geográfico como elemento de entrada |
Slave traders |
| Subdivisión geográfica |
Japan |
| Subdivisión de forma |
Drama. |
| 650 #4 - PUNTO DE ACCESO ADICIONAL DE MATERIA--TÉRMINO DE MATERIA |
| Término de materia o nombre geográfico como elemento de entrada |
Cine Japonés (inglés) |
| 651 #8 - PUNTO DE ACCESO ADICIONAL DE MATERIA--NOMBRE GEOGRÁFICO |
| Nombre geográfico |
Japan |
| Subdivisión de forma |
Drama. |
| 655 #7 - TERMINO DE INDIZACIÓN--GENERO/FORMA |
| Datos o término principal de género/forma |
Melodrama |
| Subdivisión de forma |
Feature. |
| Fuente del término |
migfg |
| 655 #7 - TERMINO DE INDIZACIÓN--GENERO/FORMA |
| Datos o término principal de género/forma |
Feature films. |
| Fuente del término |
gsafd |
| 655 #7 - TERMINO DE INDIZACIÓN--GENERO/FORMA |
| Datos o término principal de género/forma |
Melodrama. |
| Fuente del término |
gsafd |
| 700 1# - ENTRADA AGREGADA--NOMBRE PERSONAL |
| Nombre de persona |
Mizoguchi, Kenji, |
| Fechas asociadas al nombre |
1898-1956. |
| 700 1# - ENTRADA AGREGADA--NOMBRE PERSONAL |
| Nombre de persona |
Nagata, Masaichi, |
| Fechas asociadas al nombre |
1906-1985. |
| 700 1# - ENTRADA AGREGADA--NOMBRE PERSONAL |
| Nombre de persona |
Yahiro, Fuji, |
| Fechas asociadas al nombre |
1904- |
| 700 1# - ENTRADA AGREGADA--NOMBRE PERSONAL |
| Nombre de persona |
Yoda, Yoshikata, |
| Fechas asociadas al nombre |
1909- |
| 700 1# - ENTRADA AGREGADA--NOMBRE PERSONAL |
| Nombre de persona |
Tanaka, Kinuyo, |
| Fechas asociadas al nombre |
1909-1977. |
| 700 1# - ENTRADA AGREGADA--NOMBRE PERSONAL |
| Nombre de persona |
Hanayagi, Yoshiaki, |
| Fechas asociadas al nombre |
1924-1978. |
| 700 1# - ENTRADA AGREGADA--NOMBRE PERSONAL |
| Nombre de persona |
Kagawa, Kyåoko. |
| 700 1# - ENTRADA AGREGADA--NOMBRE PERSONAL |
| Nombre de persona |
Shindo, Eitaro. |
| 700 1# - ENTRADA AGREGADA--NOMBRE PERSONAL |
| Nombre de persona |
Miyagawa, Kazuo, |
| Fechas asociadas al nombre |
1908-1999. |
| 700 1# - ENTRADA AGREGADA--NOMBRE PERSONAL |
| Nombre de persona |
Hayasaka, Fumio, |
| Fechas asociadas al nombre |
1914-1955. |
| 710 2# - ENTRADA AGREGADA--NOMBRE DE ENTIDAD CORPORATIVA |
| Nombre de entidad corporativa o nombre de jurisdicción como elemento de entrada |
Daiåe, Kabushiki Kaisha. |
| 710 2# - ENTRADA AGREGADA--NOMBRE DE ENTIDAD CORPORATIVA |
| Nombre de entidad corporativa o nombre de jurisdicción como elemento de entrada |
Criterion Collection (Firm) |
| 710 2# - ENTRADA AGREGADA--NOMBRE DE ENTIDAD CORPORATIVA |
| Nombre de entidad corporativa o nombre de jurisdicción como elemento de entrada |
Janus Films. |
| 830 #0 - PUNTO DE ACCESO ADICIONAL DE SERIE-TÍTULO UNIFORME |
| Título uniforme |
Criterion collection (DVD videodiscs) ; |
| Designación de volumen o secuencia |
386. |
| 942 ## - ELEMENTOS DE ENTRADA SECUNDARIOS (KOHA) |
| Fuente del sistema de clasificación o colocación |
Clasificación de Library of Congress |
| Tipo de ítem Koha |
|
| 994 ## - |
| -- |
C0 |
| -- |
DRFGD |
| 946 ## - PROCESAMIENTO DE INFORMACIÓN LOCAL (OCLC) |
| a |
rsfv |